| 000 | 00692nam a2200277Ia 4500 | ||
|---|---|---|---|
| 005 | 20260324112920.0 | ||
| 008 | 008 260324s9999 xx 000 0 eng d | ||
| 020 | _a9781003262381 | ||
| 037 | _aEBOOK | ||
| 040 | _aCRL | ||
| 040 | _beng | ||
| 040 | _cCRL | ||
| 041 | _2eng | ||
| 041 | _aeng | ||
| 084 | _qCRL | ||
| 100 |
_aAdam Power-Annand _91144663 |
||
| 245 | 0 | _aThat's My Story!: Drama for Confidence, Communication and Creativity in KS1 and Beyond | |
| 260 | _bTaylor and Francis | ||
| 260 | _c2024 | ||
| 365 | _a | ||
| 365 | _b230 | ||
| 856 | _uhttp://www.taylorfrancis.com/books/9781003262381 | ||
| 942 | _cEBOOK | ||
| 999 |
_c1734051 _d1734051 |
||